000 00602nam a2200241Ia 4500
003 OSt
005 20221007101454.0
006 a|||||r|||| 00| 0
007 ta
008 221006b |||||||| |||| 00| 0 eng d
024 _a6,518
037 _cTextual
040 _aLCO
_cLCO
_beng
041 _2eng
_aeng
082 _aZ2,75,5, L4
100 _aGHOSH TAPAN
_9703045
245 0 _aGandhi Murder Trial.
260 _aBombay
_bAsia Pub. House
_c1974
300 _a336
650 _aGANDHI
_9703046
942 _hZ2,75,5, L4
_cTEXL
999 _c1176081
_d1176081